000 01129cam a22003253a 4500
001 1324
005 20230816144951.0
008 061207s2006 maua j 000 1 eng d
020 _a0618759247
020 _a0618759255 (pbk.)
020 _a9780618759248
020 _a9780618759255
040 _aJBO
_cJBO
_dBAKER
_dMUS
_dDLC
050 0 0 _aMLCS 2006/45858 (P)
082 0 4 _a[Fic]
_222
100 1 _aMerrill, Jean.
245 1 4 _aThe toothpaste millionaire /
_cby Jean Merrill.
260 _aBoston :
_bHoughton Mifflin,
_c2006.
300 _a129 pages :
_billustrations ;
_c22 cm
500 _a"35th Anniversary"--P. [4] of jacket.
500 _aIncludes an exclusive interview with the author and a reader's guide.
505 _aO
520 _aA young girl describes how her school friend made over a million dollars by creating and marketing a cheaper and better toothpaste.
521 _a820
_bLexile
521 _aO
_bRaz-Plus
650 0 _aBusiness enterprises
_vJuvenile fiction.
650 0 _aMathematics
_vJuvenile fiction.
906 _a7
_bcbc
_ccopycat
_d2
_encip
_f20
_gy-gencatlg
942 _2ddc
_cBK
_n0
999 _c1324
_d1324